000 00288nam a22001337a 4500
008 170914b xxu||||| |||| 00| 0 eng d
020 _a9780673357182
041 _aeng
080 _a7
100 _a44
101 _aART
245 _aDISCOVER THE WONDER
_cFORESMAN, S
942 _2udc
_cBK
999 _c27508
_d27508